000 00273nam a2200097Ia 4500
001 700565
005 20250826162255.0
008 250824s9999 xx 000 0 und d
245 0 _aMış Gibi Yetişkinler Yetişkin Çocuklar
_cDOĞAN CÜCELOĞLU
260 _bREMZİ KİTABEVİ
999 _c700565
_d700565